[Event "CAN-op"]
[Site "Edmonton CAN"]
[Date "2000.07.13"]
[Round "7"]
[White "Thompson, Brent"]
[Black "Palcic, Branko"]
[Result "1/2-1/2"]
[WhiteElo "1381"]
[BlackElo "1676"]
[PlyCount "114"]
[GameId "2160767911694881"]
[EventDate "2000.07.08"]
[EventType "swiss"]
[EventRounds "10"]
[EventCountry "CAN"]

1. e4 e6 2. d4 d5 3. exd5 exd5 4. Nc3 Nf6 5. Nf3 Be7 6. Bd3 Bg4 7. h3 Bh5 8. O-O c6 9. Bg5 Nbd7 10. Re1 O-O 11. Be2 Qc7 12. Ne5 Bg6 13. Nxg6 fxg6 14. Bd3 Rae8 15. Qd2 Bd6 16. Rxe8 Rxe8 17. Re1 Rxe1+ 18. Qxe1 Kf7 19. Ne2 Nf8 20. c3 Ne6 21. Bc1 Nh5 22. g3 Nf6 23. Kg2 b5 24. b4 a6 25. a3 a5 26. f3 a4 27. h4 Nh5 28. Qf2 h6 29. f4 Nf6 30. Qf3 Qd7 31. Ng1 Nf8 32. Nh3 Qe6 33. Nf2 Qe1 34. Nd1 Qe7 35. Qe2 Qxe2+ 36. Bxe2 Ne4 37. Bb2 Nd7 38. Nf2 Ndf6 39. Kf3 Nd2+ 40. Ke3 Nc4+ 41. Bxc4 dxc4 42. Ne4 Ne8 43. Nc5 Bxc5 44. dxc5 Ke6 45. g4 Nf6 46. g5 Nh5 47. Ke4 Ng3+ 48. Kf3 Nf5 49. gxh6 gxh6 50. Kg4 Ne3+ 51. Kf3 Nd1 52. Ba1 Kf5 53. Ke2 Nxc3+ 54. Bxc3 Kxf4 55. Bg7 h5 56. Kd2 Ke4 57. Kc3 Kd5 1/2-1/2

[Event "CAN-op"]
[Site "Edmonton CAN"]
[Date "2000.07.13"]
[Round "7"]
[White "Tootoosis, Harold"]
[Black "Panjwani, Dilip"]
[Result "1-0"]
[WhiteElo "1801"]
[BlackElo "1599"]
[PlyCount "65"]
[GameId "2160767911694882"]
[EventDate "2000.07.08"]
[EventType "swiss"]
[EventRounds "10"]
[EventCountry "CAN"]

1. e4 c5 2. Nf3 Nc6 3. d4 cxd4 4. Nxd4 g6 5. Be3 Bg7 6. Nc3 Nf6 7. Bc4 e6 8. f3 Qb6 9. Nf5 Qxb2 10. Nxg7+ Kf8 11. Nxe6+ dxe6 12. Bd2 Qa3 13. Rb1 Kg8 14. Nb5 Qc5 15. Qe2 Nd4 16. Qd3 e5 17. Bb4 Qb6 18. Bc3 Kg7 19. Bxd4 exd4 20. O-O Rd8 21. Kh1 Be6 22. e5 Nh5 23. Nd6 Nf4 24. Qd2 Bxc4 25. Rxb6 Bxf1 26. Rb1 Bxg2+ 27. Kg1 g5 28. Rxb7 Rab8 29. Rxf7+ Kg6 30. Rxf4 gxf4 31. Qxg2+ Kh6 32. Nf7+ Kh5 33. Qg5# 1-0

[Event "CAN-op"]
[Site "Edmonton CAN"]
[Date "2000.07.13"]
[Round "7"]
[White "Tuason, Alfred"]
[Black "Faust, Steven"]
[Result "1/2-1/2"]
[WhiteElo "1558"]
[BlackElo "1874"]
[PlyCount "69"]
[GameId "2160767911694883"]
[EventDate "2000.07.08"]
[EventType "swiss"]
[EventRounds "10"]
[EventCountry "CAN"]

1. b3 Nf6 2. Bb2 c5 3. c4 Nc6 4. e3 Qc7 5. Nf3 e6 6. Be2 Be7 7. O-O O-O 8. h3 Ne4 9. Nc3 f5 10. d4 b6 11. Rb1 a6 12. d5 Bf6 13. Nxe4 fxe4 14. dxc6 exf3 15. Bxf3 dxc6 16. Qc2 Bb7 17. Rbd1 Rad8 18. Bxf6 gxf6 19. Rxd8 Rxd8 20. Rd1 Rd6 21. Rxd6 Qxd6 22. Qd1 Qxd1+ 23. Bxd1 Kf7 24. Bf3 Ke7 25. Be4 h6 26. f4 Kd6 27. g3 Bc8 28. h4 Bd7 29. Bf3 Be8 30. h5 Bf7 31. Kf2 b5 32. Be2 e5 33. f5 e4 34. g4 Ke5 35. Kg3 1/2-1/2

[Event "CAN-op"]
[Site "Edmonton CAN"]
[Date "2000.07.13"]
[Round "7"]
[White "Van Weeren, Henry"]
[Black "Day, Jonathan"]
[Result "0-1"]
[WhiteElo "1572"]
[BlackElo "1836"]
[PlyCount "92"]
[GameId "2160767911694884"]
[EventDate "2000.07.08"]
[EventType "swiss"]
[EventRounds "10"]
[EventCountry "CAN"]

1. e4 c5 2. d3 g6 3. Nf3 Bg7 4. c3 Nc6 5. Be2 Qb6 6. Qb3 Qc7 7. Be3 b6 8. O-O Nf6 9. Qc2 Ng4 10. Bc1 Bb7 11. Nbd2 h5 12. h3 O-O-O 13. g3 h4 14. Nxh4 Rxh4 15. Bxg4 Rxg4 16. hxg4 Ne5 17. Kg2 d5 18. Rh1 Nxg4 19. Nf1 Nf6 20. f3 c4 21. e5 Qxe5 22. d4 Qc7 23. Bf4 Qc6 24. Be5 Rg8 25. Nh2 Kd8 26. Rae1 Bc8 27. Qe2 g5 28. Ng4 Be6 29. Qd2 Bxg4 30. fxg4 Ne4 31. Qe2 f6 32. Bxf6 exf6 33. Rh7 Qd6 34. Qf3 Qe6 35. Re3 Ke7 36. Rh1 Kf7 37. Qf5 Re8 38. Rf1 b5 39. Rfe1 a5 40. Rf1 b4 41. cxb4 axb4 42. Rc1 Qxf5 43. gxf5 g4 44. a3 Bh6 45. Rh1 Bxe3 46. Rh7+ Kg8 0-1

[Event "CAN-op"]
[Site "Edmonton CAN"]
[Date "2000.07.13"]
[Round "7"]
[White "Veszely, Frank"]
[Black "Martin, Steve"]
[Result "1/2-1/2"]
[WhiteElo "1936"]
[BlackElo "1266"]
[PlyCount "61"]
[GameId "2160767911694885"]
[EventDate "2000.07.08"]
[EventType "swiss"]
[EventRounds "10"]
[EventCountry "CAN"]

1. g3 e5 2. Bg2 d5 3. c4 c6 4. cxd5 cxd5 5. Qb3 Nf6 6. Nc3 e4 7. d3 exd3 8. Nxd5 Nc6 9. Nxf6+ Qxf6 10. Qxd3 Bb4+ 11. Kf1 O-O 12. Be4 Rd8 13. Qb3 Be6 14. Qf3 Rd1+ 15. Kg2 Qe7 16. Bg5 Qd7 17. Rxd1 Qxd1 18. Nh3 Qd7 19. Qh5 g6 20. Qh4 Bxa2 21. Bf6 Bf8 22. Ng5 h6 23. Bd3 Bg7 24. Bxg7 Kxg7 25. Ne4 Qd4 26. Rd1 Qxb2 27. Rd2 Qa1 28. Nd6 Bd5+ 29. e4 Qc3 30. Qf4 Be6 31. Qe3 1/2-1/2

[Event "CAN-op"]
[Site "Edmonton CAN"]
[Date "2000.07.13"]
[Round "7"]
[White "Ward, Hilton"]
[Black "McKay, Tom"]
[Result "1-0"]
[WhiteElo "1369"]
[BlackElo "1689"]
[PlyCount "77"]
[GameId "2160767911694886"]
[EventDate "2000.07.08"]
[EventType "swiss"]
[EventRounds "10"]
[EventCountry "CAN"]

1. e4 c5 2. Nf3 d6 3. d4 cxd4 4. Nxd4 Nf6 5. Nc3 a6 6. Bc4 e6 7. Bb3 Be7 8. h3 b5 9. a3 Bb7 10. Qe2 Nbd7 11. Bd2 Nc5 12. f3 g6 13. O-O-O e5 14. Ndxb5 Nxb3+ 15. cxb3 axb5 16. Qxb5+ Qd7 17. Qxd7+ Nxd7 18. Nd5 Bxd5 19. exd5 O-O 20. Kb1 Rfc8 21. Rc1 Nc5 22. Ka2 Kg7 23. Rc3 Rc7 24. Re1 f5 25. b4 Na6 26. Rc6 Rxc6 27. dxc6 Rc8 28. Rc1 d5 29. b5 Nb8 30. a4 e4 31. a5 d4 32. a6 e3 33. Bxe3 dxe3 34. a7 Nxc6 35. Rxc6 Re8 36. Re6 f4 37. b6 Kf7 38. Re4 g5 39. b7 1-0

[Event "CAN-op"]
[Site "Edmonton CAN"]
[Date "2000.07.13"]
[Round "7"]
[White "Wells, Peter K"]
[Black "Campbell, Brett"]
[Result "1-0"]
[WhiteElo "2506"]
[BlackElo "2158"]
[PlyCount "57"]
[GameId "2160767911694887"]
[EventDate "2000.07.08"]
[EventType "swiss"]
[EventRounds "10"]
[EventCountry "CAN"]
[SourceTitle "EXT 2001"]
[Source "ChessBase"]
[SourceDate "2000.11.22"]
[SourceVersion "1"]
[SourceVersionDate "2000.11.22"]
[SourceQuality "1"]

1. d4 Nf6 2. c4 d6 3. Nc3 Nbd7 4. Nf3 e5 5. Bg5 Be7 6. Qc2 c6 7. O-O-O Qc7 8. e3 O-O 9. Bd3 Re8 10. Kb1 a6 11. g4 h6 12. Bxf6 Nxf6 13. g5 hxg5 14. dxe5 dxe5 15. Nxg5 Bg4 16. Bh7+ Kf8 17. Rdg1 Qd7 18. f3 Be6 19. Qg2 g6 20. Bxg6 fxg6 21. Nxe6+ Qxe6 22. Qxg6 Red8 23. Ne4 Qf7 24. Qh6+ Ke8 25. Rg7 Nxe4 26. Rxf7 Nd2+ 27. Kc2 Kxf7 28. Rg1 Nxc4 29. Qg6+ 1-0

[Event "CAN-op"]
[Site "Edmonton CAN"]
[Date "2000.07.13"]
[Round "7"]
[White "Winberg, Jim"]
[Black "Chi, Jonathan"]
[Result "0-1"]
[WhiteElo "1750"]
[BlackElo "1392"]
[PlyCount "86"]
[GameId "2160767911694888"]
[EventDate "2000.07.08"]
[EventType "swiss"]
[EventRounds "10"]
[EventCountry "CAN"]

1. e4 c5 2. Nf3 d6 3. d4 cxd4 4. Nxd4 Nf6 5. Nc3 g6 6. Be3 Bg7 7. f3 Nc6 8. Qd2 O-O 9. O-O-O Bd7 10. Kb1 a6 11. g4 Rc8 12. h4 h5 13. gxh5 Nxh5 14. Rg1 Ne5 15. Be2 Qa5 16. Nd5 Qxd2 17. Nxe7+ Kh7 18. Rxd2 Rce8 19. Nd5 Nf6 20. Nxf6+ Bxf6 21. Bg5 Bxg5 22. hxg5 Kg7 23. Rdd1 Rh8 24. Rh1 Rxh1 25. Rxh1 Nc6 26. Nxc6 Bxc6 27. c4 d5 28. cxd5 Bxd5 29. Bd3 Bc6 30. Re1 Rh8 31. f4 Rh3 32. Kc2 Rf3 33. f5 Rg3 34. f6+ Kf8 35. Rh1 Kg8 36. Re1 Rxg5 37. e5 Bd7 38. Bc4 Be6 39. Bd3 Kf8 40. Rh1 Ke8 41. Re1 Kd7 42. a3 Bf5 43. Bxf5+ Rxf5 0-1

[Event "CAN-op"]
[Site "Edmonton CAN"]
[Date "2000.07.14"]
[Round "8"]
[White "Alderton, Peter"]
[Black "McLaughlin, Robert"]
[Result "1-0"]
[WhiteElo "1585"]
[BlackElo "1288"]
[PlyCount "63"]
[GameId "2160767911694889"]
[EventDate "2000.07.08"]
[EventType "swiss"]
[EventRounds "10"]
[EventCountry "CAN"]

1. e4 e6 2. d4 d5 3. Nc3 dxe4 4. Nxe4 Bd7 5. Nf3 Bc6 6. Bd3 Nd7 7. O-O Ngf6 8. Re1 Bxe4 9. Bxe4 Nxe4 10. Rxe4 h6 11. c4 Nf6 12. Re1 b6 13. b3 Bb4 14. Re2 O-O 15. a3 Bd6 16. Qd3 Re8 17. Bb2 c5 18. Qc2 Rc8 19. Rd1 Qe7 20. d5 Bc7 21. Nh4 Qd6 22. Be5 Qe7 23. d6 Bxd6 24. Bxd6 Qd8 25. Bg3 Nd7 26. Rd6 Rc7 27. Nf3 Qf6 28. Qd1 Rd8 29. Ne5 Kf8 30. Red2 Ke8 31. Nxd7 Rcxd7 32. Rxd7 1-0

[Event "CAN-op"]
[Site "Edmonton CAN"]
[Date "2000.07.14"]
[Round "8"]
[White "Alipour, Iraj"]
[Black "Harris, Greg"]
[Result "1-0"]
[WhiteElo "1579"]
[BlackElo "1787"]
[PlyCount "103"]
[GameId "2160767911694890"]
[EventDate "2000.07.08"]
[EventType "swiss"]
[EventRounds "10"]
[EventCountry "CAN"]

1. b3 Nf6 2. Bb2 e6 3. g3 d5 4. Bg2 Nbd7 5. e3 c5 6. d3 b6 7. Nd2 Bb7 8. Qe2 Rb8 9. f4 Be7 10. g4 d4 11. exd4 Nd5 12. Bxd5 Bh4+ 13. Kd1 Bxd5 14. Ngf3 Be7 15. Rf1 Rg8 16. c4 Bc6 17. g5 Nf8 18. Ne5 Qc7 19. Kc2 Rd8 20. dxc5 Bxc5 21. Ne4 Bd4 22. Bxd4 Rxd4 23. Rad1 b5 24. Qe3 Rd8 25. c5 Bd5 26. Nc3 a6 27. b4 Ke7 28. f5 f6 29. Nxd5+ Rxd5 30. Ng4 e5 31. g6 h5 32. Nf2 Rd4 33. Kc3 Nd7 34. Nh3 Kd8 35. Qf3 Nb6 36. a3 Nd5+ 37. Kb3 a5 38. Ra1 axb4 39. axb4 Rxb4+ 40. Kc2 Qxc5+ 41. Kd1 Ne3+ 42. Ke1 Qc3+ 43. Kf2 Rb2+ 44. Kg1 Rg2+ 45. Kh1 Rxh2+ 46. Kg1 Rg2+ 47. Kh1 Rh2+ 48. Kxh2 Nxf1+ 49. Qxf1 Qc2+ 50. Nf2 Kd7 51. Qg2 Kc7 52. Ra7+ 1-0

[Event "CAN-op"]
[Site "Edmonton CAN"]
[Date "2000.07.14"]
[Round "8"]
[White "Beebe, Greg"]
[Black "Thimm, Harald"]
[Result "1-0"]
[WhiteElo "1861"]
[BlackElo "2016"]
[PlyCount "83"]
[GameId "2160767911694891"]
[EventDate "2000.07.08"]
[EventType "swiss"]
[EventRounds "10"]
[EventCountry "CAN"]

1. e4 c6 2. d4 d5 3. e5 Bf5 4. Bd3 Bxd3 5. Qxd3 e6 6. Ne2 Nd7 7. Be3 Ne7 8. Nd2 Nf5 9. Ng3 Nxe3 10. Qxe3 c5 11. c3 cxd4 12. cxd4 Rc8 13. O-O Be7 14. Nf3 O-O 15. Rac1 Re8 16. Rxc8 Qxc8 17. Rc1 Qb8 18. Qc3 Nb6 19. Qc7 Rc8 20. Qxb8 Rxb8 21. h4 Rc8 22. Rxc8+ Nxc8 23. Kf1 Kf8 24. Ke2 Nb6 25. b3 f5 26. Ng5 Bxg5 27. hxg5 Kf7 28. f4 Nc8 29. Kd3 Ne7 30. Kc3 a5 31. b4 axb4+ 32. Kxb4 Nc6+ 33. Kc5 g6 34. Ne2 Ke7 35. Kb6 Nd8 36. Kc7 b5 37. a3 Nf7 38. Nc3 h6 39. gxh6 Nxh6 40. Nxb5 Ng4 41. a4 Nxe5 42. dxe5 1-0

[Event "CAN-op"]
[Site "Edmonton CAN"]
[Date "2000.07.14"]
[Round "8"]
[White "Boehmer, Kris"]
[Black "Newton, Geoff"]
[Result "1/2-1/2"]
[WhiteElo "2140"]
[BlackElo "2044"]
[PlyCount "47"]
[GameId "2160767911694892"]
[EventDate "2000.07.08"]
[EventType "swiss"]
[EventRounds "10"]
[EventCountry "CAN"]

1. d4 Nf6 2. Nf3 e6 3. Nbd2 c5 4. e3 cxd4 5. exd4 Nc6 6. c3 b6 7. Bd3 Bb7 8. O-O Be7 9. Qe2 O-O 10. Re1 d6 11. Ne4 a5 12. Nfg5 g6 13. Nxf6+ Bxf6 14. Qg4 Bc8 15. Qh4 Bxg5 16. Bxg5 f6 17. Bh6 Rf7 18. Re3 Ne7 19. Rae1 a4 20. Rg3 Ra5 21. Bd2 Nf5 22. Bxf5 Rxf5 23. Qe4 Ra5 24. c4 1/2-1/2

[Event "CAN-op"]
[Site "Edmonton CAN"]
[Date "2000.07.14"]
[Round "8"]
[White "Bojovic, Gavrilo"]
[Black "Brodie, Hugh"]
[Result "0-1"]
[WhiteElo "2093"]
[BlackElo "1968"]
[PlyCount "169"]
[GameId "2160767911694893"]
[EventDate "2000.07.08"]
[EventType "swiss"]
[EventRounds "10"]
[EventCountry "CAN"]

1. e4 c5 2. d4 cxd4 3. c3 d5 4. exd5 Qxd5 5. cxd4 Nc6 6. Nf3 e6 7. Nc3 Bb4 8. Bd3 Nf6 9. O-O Bxc3 10. bxc3 O-O 11. c4 Qh5 12. Bb2 Ne7 13. Re1 Ng6 14. Ne5 Qxd1 15. Raxd1 Nf4 16. Bc2 Bd7 17. Nxd7 Nxd7 18. d5 exd5 19. Ba3 Rfe8 20. Ba4 Rxe1+ 21. Rxe1 Nb6 22. Bc2 Nxc4 23. Bc1 Ne6 24. Bf5 Nd4 25. Bd3 Nc6 26. h4 h6 27. Rd1 Rd8 28. Be2 Kf8 29. Bf3 d4 30. Be4 Ke7 31. Bf4 Rd7 32. g4 N6e5 33. Rc1 f6 34. g5 hxg5 35. hxg5 Kd8 36. Rd1 Ke7 37. Bf5 Rd5 38. Be4 Rd7 39. Bf5 Rd8 40. Bc1 Nf3+ 41. Kf1 Nxg5 42. f4 Ne6 43. Re1 Ne3+ 44. Bxe3 dxe3 45. Rxe3 Rd6 46. Bg4 Kf7 47. f5 Nf8 48. Be2 Rd4 49. Bh5+ Kg8 50. Re7 Rf4+ 51. Kg1 Rxf5 52. Bf7+ Kh7 53. Rxb7 a5 54. Bc4 Kh6 55. a4 Rc5 56. Bb5 Ne6 57. Rd7 Nc7 58. Be2 g6 59. Rd3 f5 60. Rh3+ Kg5 61. Rg3+ Kf6 62. Rb3 g5 63. Rb6+ Ke5 64. Rb3 g4 65. Rb1 Kf4 66. Rd1 Kg3 67. Rd3+ Kh4 68. Rd4 Nd5 69. Ba6 Rc1+ 70. Kf2 Nf6 71. Bd3 Kg5 72. Rd8 f4 73. Ra8 Rc5 74. Ra7 Rd5 75. Bc4 Ne4+ 76. Ke1 Rc5 77. Rg7+ Kh4 78. Be6 Rc1+ 79. Ke2 Rg1 80. Rh7+ Kg3 81. Rg7 f3+ 82. Ke3 Re1+ 83. Kd4 Nf6 84. Rg5 Rxe6 85. Kd3 0-1

[Event "CAN-op"]
[Site "Edmonton CAN"]
[Date "2000.07.14"]
[Round "8"]
[White "Boron, Anthony"]
[Black "Lauritson, Jim"]
[Result "0-1"]
[WhiteElo "1862"]
[BlackElo "2057"]
[PlyCount "71"]
[GameId "2160767911694894"]
[EventDate "2000.07.08"]
[EventType "swiss"]
[EventRounds "10"]
[EventCountry "CAN"]

1. Nf3 c5 2. e4 e6 3. d3 d5 4. Nbd2 g6 5. g3 Bg7 6. Bg2 Ne7 7. O-O Nbc6 8. Re1 O-O 9. c3 Rb8 10. Nb3 b6 11. Bf4 e5 12. Bg5 d4 13. Qd2 f6 14. cxd4 fxg5 15. d5 g4 16. Nh4 Nd4 17. Nxd4 cxd4 18. Bf1 Bd7 19. Rac1 Rc8 20. Qb4 Bh6 21. Rxc8 Nxc8 22. Re2 Qe7 23. Qb3 Qf6 24. Ng2 Nd6 25. a4 Rc8 26. Ne1 Nb7 27. Rc2 Nc5 28. Qa2 Qd8 29. b3 Na6 30. Rxc8 Qxc8 31. h3 Qc1 32. Nc2 gxh3 33. b4 h2+ 34. Kxh2 Qxf1 35. d6+ Kg7 36. Nxd4 0-1

[Event "CAN-op"]
[Site "Edmonton CAN"]
[Date "2000.07.14"]
[Round "8"]
[White "Bowerman, Robert"]
[Black "MacFarlane, Donald"]
[Result "1-0"]
[WhiteElo "2116"]
[BlackElo "1484"]
[PlyCount "39"]
[GameId "2160767911694895"]
[EventDate "2000.07.08"]
[EventType "swiss"]
[EventRounds "10"]
[EventCountry "CAN"]

1. d4 Nf6 2. c4 c5 3. d5 b5 4. Nf3 d6 5. Bf4 bxc4 6. Nc3 g6 7. e4 Bg7 8. Bxc4 O-O 9. h3 Re8 10. O-O e6 11. dxe6 Bxe6 12. Bxe6 Rxe6 13. Re1 Qe7 14. Ng5 Ne8 15. Qd5 Rf6 16. Qxa8 Rxf4 17. Qxb8 Qxg5 18. Qxe8+ Bf8 19. Nd5 Rf3 20. Kf1 1-0

[Event "CAN-op"]
[Site "Edmonton CAN"]
[Date "2000.07.14"]
[Round "8"]
[White "Bowles, Charles"]
[Black "Carayanniotis, George"]
[Result "1-0"]
[WhiteElo "1632"]
[BlackElo "998"]
[PlyCount "54"]
[GameId "2160767911694896"]
[EventDate "2000.07.08"]
[EventType "swiss"]
[EventRounds "10"]
[EventCountry "CAN"]

1. Nf3 d6 2. e4 Nf6 3. d3 g6 4. g3 Bg7 5. Bg2 c5 6. O-O Nc6 7. Nbd2 a6 8. c3 b5 9. Qe1 e5 10. d4 Nd7 11. d5 Ne7 12. c4 O-O 13. a4 b4 14. b3 f5 15. Ra2 Rb8 16. Ng5 Nf6 17. f4 h6 18. Nh3 Ng4 19. Bb2 Kh7 20. Nf2 h5 21. Nf3 fxe4 22. Ng5+ Kg8 23. Nxg4 Bxg4 24. Nxe4 Bh6 25. h3 Bd7 26. Nxd6 exf4 27. Qe5 Bg7 1-0

[Event "CAN-op"]
[Site "Edmonton CAN"]
[Date "2000.07.14"]
[Round "8"]
[White "Bradbrooke, Wally"]
[Black "Blakely, Grant"]
[Result "1-0"]
[WhiteElo "1233"]
[BlackElo "1147"]
[PlyCount "57"]
[GameId "2160767911694897"]
[EventDate "2000.07.08"]
[EventType "swiss"]
[EventRounds "10"]
[EventCountry "CAN"]

1. e4 e5 2. Bc4 d6 3. Nf3 Qe7 4. Nc3 Nc6 5. d3 Bg4 6. Nd5 Qd7 7. O-O Nf6 8. Nxf6+ gxf6 9. Bd2 a6 10. c3 Bg7 11. b4 O-O-O 12. a3 b5 13. Bb3 Qe7 14. Qc1 h6 15. Bd1 Be6 16. Be3 Kb7 17. a4 Rb8 18. Be2 f5 19. axb5 axb5 20. Ra7+ Nxa7 21. Qa1 Nc6 22. d4 Ra8 23. Qb2 Ra2 24. Qc1 Rxe2 25. d5 fxe4 26. dxe6 exf3 27. Qa3 Qxe6 28. Ra1 d5 29. Qa6+ 1-0

[Event "CAN-op"]
[Site "Edmonton CAN"]
[Date "2000.07.14"]
[Round "8"]
[White "Buitendyk, Theo"]
[Black "Das, Samir"]
[Result "1/2-1/2"]
[WhiteElo "1731"]
[BlackElo "1396"]
[PlyCount "145"]
[GameId "2160767911694898"]
[EventDate "2000.07.08"]
[EventType "swiss"]
[EventRounds "10"]
[EventCountry "CAN"]

1. e4 e6 2. d4 d5 3. exd5 exd5 4. Nf3 Bd6 5. Bd3 Bg4 6. h3 Bh5 7. Nc3 Nf6 8. Bg5 Nbd7 9. Nb5 O-O 10. Nxd6 Qe7+ 11. Be3 Qxd6 12. g4 Bg6 13. Nh4 Ne4 14. Qe2 Rfe8 15. Nxg6 Qxg6 16. f3 Ng3 17. Bxg6 Nxe2 18. Bxf7+ Kxf7 19. Kxe2 Nb6 20. Kf2 Nc4 21. Rhe1 Re6 22. b3 Na3 23. Rac1 Rae8 24. c4 dxc4 25. bxc4 Ra6 26. f4 Ra4 27. Re2 Nxc4 28. Rc3 c6 29. Rd3 Nxe3 30. Rdxe3 Rxe3 31. Kxe3 Ra3+ 32. Ke4 Rxh3 33. Rb2 b5 34. Rc2 Rh6 35. f5 Ke7 36. Ke5 Kd7 37. Rb2 Rd6 38. g5 Rd5+ 39. Ke4 Rd6 40. a4 a6 41. axb5 cxb5 42. Ke5 Ke7 43. d5 h6 44. g6 Rb6 45. Rc2 b4 46. Rc6 Rxc6 47. dxc6 b3 48. c7 Kd7 49. f6 gxf6+ 50. Kxf6 b2 51. g7 b1=Q 52. c8=Q+ Kxc8 53. g8=Q+ Kb7 54. Qd5+ Ka7 55. Qf7+ Qb7 56. Qh5 Qc6+ 57. Kg7 Kb6 58. Qd1 Qc7+ 59. Kxh6 a5 60. Qb3+ Ka7 61. Kg5 Ka6 62. Kf5 Qc5+ 63. Ke4 Qb4+ 64. Qxb4 axb4 65. Kd3 Ka5 66. Kc2 Ka4 67. Kb2 b3 68. Kb1 Ka3 69. Ka1 Kb4 70. Kb2 Kc4 71. Kb1 Kc3 72. Kc1 b2+ 73. Kb1 1/2-1/2

[Event "CAN-op"]
[Site "Edmonton CAN"]
[Date "2000.07.14"]
[Round "8"]
[White "Bukowski, George"]
[Black "Anderson, Ashton"]
[Result "1/2-1/2"]
[WhiteElo "1662"]
[BlackElo "1764"]
[PlyCount "53"]
[GameId "2160767911694899"]
[EventDate "2000.07.08"]
[EventType "swiss"]
[EventRounds "10"]
[EventCountry "CAN"]

1. d4 f5 2. c4 Nf6 3. Nc3 g6 4. Nf3 Bg7 5. e3 O-O 6. Bd3 d6 7. O-O Nbd7 8. Ng5 Nb6 9. c5 dxc5 10. dxc5 Nbd5 11. Bc4 e6 12. Qb3 c6 13. e4 fxe4 14. Ngxe4 Nxe4 15. Nxe4 h6 16. Qg3 Kh7 17. Bd3 b6 18. h4 e5 19. Nd6 Bf5 20. Nxf5 gxf5 21. cxb6 axb6 22. Bc4 Qf6 23. Bd2 Rfd8 24. Rfd1 Ra7 25. Rac1 Rad7 26. Be2 Nc7 27. Bc3 1/2-1/2

[Event "CAN-op"]
[Site "Edmonton CAN"]
[Date "2000.07.14"]
[Round "8"]
[White "Cable, Lindi"]
[Black "Stone, Gerald"]
[Result "1-0"]
[WhiteElo "1312"]
[BlackElo "1501"]
[PlyCount "95"]
[GameId "2160767911694900"]
[EventDate "2000.07.08"]
[EventType "swiss"]
[EventRounds "10"]
[EventCountry "CAN"]

1. d4 d5 2. Nf3 Bg4 3. Nbd2 Nf6 4. h3 Bf5 5. Ne5 Nc6 6. c3 Nxe5 7. dxe5 Ne4 8. Nf3 e6 9. Bf4 Bc5 10. e3 O-O 11. Bd3 f6 12. O-O Bb6 13. Nh4 fxe5 14. Bxe5 Qxh4 15. Bg3 Nxg3 16. fxg3 Bxe3+ 17. Kh2 Qf6 18. Qe2 d4 19. Qe1 Qg5 20. Bc4 Rae8 21. cxd4 Bxd4 22. Rf4 Kh8 23. Rxd4 c5 24. Rd7 h5 25. Rxb7 h4 26. Qe5 hxg3+ 27. Qxg3 Qf6 28. Rxa7 Re7 29. Ra6 Rfe8 30. Rd1 Bc2 31. Rdd6 Bf5 32. Rac6 Kg8 33. Rxc5 Kf7 34. a4 g6 35. h4 Qxb2 36. a5 Qf6 37. a6 Qh8 38. Ra5 Ra8 39. Qg5 Qh7 40. g3 Raa7 41. g4 Be4 42. Qf4+ Kg8 43. Rd8+ Kg7 44. Qe5+ Kh6 45. g5+ Kh5 46. Kg3 Bf5 47. Be2+ Bg4 48. Bxg4# 1-0

[Event "CAN-op"]
[Site "Edmonton CAN"]
[Date "2000.07.14"]
[Round "8"]
[White "Campbell, Brett"]
[Black "Sadov, Sergey"]
[Result "1-0"]
[WhiteElo "2229"]
[BlackElo "2119"]
[PlyCount "83"]
[GameId "2160767911694901"]
[EventDate "2000.07.08"]
[EventType "swiss"]
[EventRounds "10"]
[EventCountry "CAN"]

1. c4 c5 2. Nc3 g6 3. g3 Bg7 4. Bg2 Nf6 5. e3 O-O 6. Nge2 d6 7. d4 cxd4 8. exd4 Qc7 9. b3 a6 10. h3 Nc6 11. O-O b6 12. Be3 Bb7 13. Rc1 Nd8 14. d5 Nd7 15. Bg5 Re8 16. Qd2 e6 17. Rfd1 e5 18. g4 Bc8 19. Ng3 f6 20. Be3 Rb8 21. b4 Nb7 22. Qe2 Qd8 23. Be4 Re7 24. Na4 Rf7 25. Rf1 Qf8 26. Qd3 Nd8 27. c5 bxc5 28. bxc5 Nxc5 29. Nxc5 dxc5 30. Bxc5 Qe8 31. Bd6 Ra8 32. Bc7 Qd7 33. d6 Bb7 34. Bxb7 Nxb7 35. Qd5 Ra7 36. Bb6 Nd8 37. Bxa7 Qxa7 38. Rc8 Qd7 39. Rfc1 Bf8 40. R1c7 Qe6 41. Qxe6 Nxe6 42. Re7 1-0

[Event "CAN-op"]
[Site "Edmonton CAN"]
[Date "2000.07.14"]
[Round "8"]
[White "Campbell, Jamie"]
[Black "Kazakevich, Anastasia"]
[Result "0-1"]
[WhiteElo "1436"]
[BlackElo "1608"]
[PlyCount "102"]
[GameId "2160767911694902"]
[EventDate "2000.07.08"]
[EventType "swiss"]
[EventRounds "10"]
[EventCountry "CAN"]

1. e4 d6 2. d4 Nf6 3. Nc3 g6 4. f4 Bg7 5. Nf3 O-O 6. e5 dxe5 7. fxe5 Nd5 8. Nxd5 Qxd5 9. c4 Qd8 10. Qe2 Bg4 11. h3 Bxf3 12. gxf3 Qxd4 13. f4 Nc6 14. Be3 Qd7 15. Rd1 Qe8 16. Bg2 Rd8 17. Kf2 a6 18. Rxd8 Qxd8 19. Bxc6 bxc6 20. c5 Qc8 21. Rd1 Qxh3 22. Qxa6 Qh2+ 23. Ke1 Qxb2 24. Qxc6 Qxa2 25. Qxc7 e6 26. Qd6 Qa5+ 27. Bd2 Qd8 28. Qxd8 Rxd8 29. c6 Rc8 30. Rc1 Bf8 31. c7 Be7 32. Ba5 Kf8 33. Rb1 Ke8 34. Rb8 Kd7 35. Rxc8 Kxc8 36. Kf2 f6 37. Kg3 fxe5 38. fxe5 h5 39. Kh3 g5 40. Kg3 g4 41. Bb6 Kb7 42. Kf4 Kc8 43. Kg3 Bb4 44. Kh4 Be1+ 45. Kxh5 g3 46. Kh4 Bf2 47. Kh3 Bxb6 48. Kxg3 Bxc7 49. Kf4 Kd7 50. Ke4 Kc6 51. Kd4 Kb5 0-1

[Event "CAN-op"]
[Site "Edmonton CAN"]
[Date "2000.07.14"]
[Round "8"]
[White "Caron, Harvey"]
[Black "Planas, Rodolfo"]
[Result "1-0"]
[WhiteElo "1736"]
[BlackElo "1641"]
[PlyCount "63"]
[GameId "2160767911694903"]
[EventDate "2000.07.08"]
[EventType "swiss"]
[EventRounds "10"]
[EventCountry "CAN"]

1. d4 g6 2. e4 c6 3. f4 d5 4. e5 h5 5. Nf3 Bg4 6. Nc3 e6 7. h3 Bxf3 8. Qxf3 h4 9. Be3 Nh6 10. O-O-O Nf5 11. Bf2 b5 12. g3 hxg3 13. Bxg3 Nxg3 14. Qxg3 Rh4 15. Rg1 Bh6 16. Ne2 Nd7 17. Kb1 Rh5 18. Qc3 Bf8 19. Qxc6 a6 20. Qc3 Rc8 21. Qd3 Bb4 22. Rxg6 Rh8 23. Rg3 Nf8 24. f5 Kd7 25. fxe6+ Nxe6 26. Qf5 Rf8 27. Nf4 Qe7 28. Nxd5 Qd8 29. Nxb4 Ke8 30. d5 Rc5 31. Rgd3 Nc7 32. d6 1-0

[Event "CAN-op"]
[Site "Edmonton CAN"]
[Date "2000.07.14"]
[Round "8"]
[White "Chi, Jonathan"]
[Black "Veszely, Frank"]
[Result "0-1"]
[WhiteElo "1392"]
[BlackElo "1936"]
[PlyCount "34"]
[GameId "2160767911694904"]
[EventDate "2000.07.08"]
[EventType "swiss"]
[EventRounds "10"]
[EventCountry "CAN"]

1. d4 Nf6 2. c4 e5 3. e3 exd4 4. exd4 Bb4+ 5. Bd2 Bxd2+ 6. Qxd2 O-O 7. Nf3 d5 8. cxd5 Nxd5 9. Be2 Nc6 10. Nc3 Bg4 11. O-O Nce7 12. Rfe1 Ng6 13. h3 Bf5 14. Bc4 Ndf4 15. Ne5 Qg5 16. Ng4 Nxh3+ 17. gxh3 Qxd2 0-1

[Event "CAN-op"]
[Site "Edmonton CAN"]
[Date "2000.07.14"]
[Round "8"]
[White "Chiba, James"]
[Black "McCusky, Louis"]
[Result "0-1"]
[WhiteElo "1750"]
[BlackElo "1558"]
[PlyCount "34"]
[GameId "2160767911694905"]
[EventDate "2000.07.08"]
[EventType "swiss"]
[EventRounds "10"]
[EventCountry "CAN"]

1. e4 c6 2. d4 d5 3. e5 Bf5 4. Nc3 e6 5. g4 Bg6 6. Nge2 a5 7. Nf4 Bb4 8. Nxg6 Bxc3+ 9. bxc3 hxg6 10. g5 Ne7 11. c4 Nf5 12. cxd5 Qxd5 13. f3 Nxd4 14. Bg2 Qxe5+ 15. Kf2 Nf5 16. Ba3 Qe3+ 17. Kf1 Qxa3 0-1